000 00792cab a2200217 4500
001 WB3413-48
008 090401t1998 xxu||||| |||| 00| 0 eng d
035 _a(Sirsi) u85325
041 _aeng
245 _aConservation conditions for farm payments
260 _c1998
350 _a0
490 _aDaily Telegraph
_v30 March 1998, 7(1)
520 _aThe Agriculture Minister is being urged to make farm payments conditional on farmers complying with simple environmental rules. EC Agenda 2000 proposals yet to be accepted by the UK and several other member states include obligatory acceptance of environmental rules.
650 _aAGENDA 2000
650 _aENVIRONMENTAL CONDITIONS
650 _aFARM SUBSIDIES
690 _aRURAL PRACTICE
942 _n0
948 _c31/03/1998
999 _c53648
_d53648